000 00485nam a2200181Ia 4500
005 20250508153519.0
008 008 250505s9999 xx 000 0 hin d
037 _aBooks to be hide in OPAC
040 _aFEDL
_beng
_cFEDL
041 _ahin
_2eng
084 _a332, DEL/O
_qFEDL
245 0 _aReport on the working of the finance department for 1953
245 0 _cDELHI
260 _c1953
300 _a11p.
942 _cHB
_h332, DEL/O
999 _c1343416
_d1343416